| 000 | 01015cab a2200313 4500 | ||
|---|---|---|---|
| 001 | ABS47480 | ||
| 008 | 090401t1992 xxu||||| |||| 00| 0 eng d | ||
| 035 | _a(Sirsi) u62174 | ||
| 041 | _aeng | ||
| 100 | _aJohnstone, R. | ||
| 245 | _aInvesting in the Scottish property market | ||
| 260 | _c1992 | ||
| 350 | _a0 | ||
| 490 |
_aEstates Gazette _v(9244) 7 November 1992, 138-139(2) |
||
| 520 | _aBriefly summarises the differences in landlord and tenant and land law between Scotland and England. Written for the institutional investor wishing to invest in the Scottish commercial property market. | ||
| 650 | _aBUSINESS TENANCIES | ||
| 650 | _aCOMPARISON | ||
| 650 | _aCONSENT TO ASSIGN | ||
| 650 | _aEXCHANGE OF CONTRACTS | ||
| 650 | _aLAND LAW | ||
| 650 |
_aLANDLORD AND TENANT _96252 |
||
| 650 | _aMISSIVES | ||
| 650 | _aPRIVITY OF CONTRACT | ||
| 650 | _aSCOTLAND | ||
| 650 | _aSECURITY OF TENURE | ||
| 690 | _aLANDLORD AND TENANT-BUSINESS TENANCIES | ||
| 942 | _n0 | ||
| 948 | _c04/03/1997 | ||
| 999 |
_c38625 _d38625 |
||